The enforcement of adjudicators' awards under the Housing Grants Construction and Regeneration Act 1996 (Record no. 80630)

MARC details
000 -LEADER
fixed length control field 02147cab a22004095a 4500
001 - CONTROL NUMBER
control field L144900
008 - FIXED-LENGTH DATA ELEMENTS--GENERAL INFORMATION
fixed length control field 080819s2008 xxk f g 000 0 eng d
035 ## - SYSTEM CONTROL NUMBER
System control number (Sirsi) u144900
041 0# - LANGUAGE CODE
Language code of text/sound track or separate title eng
100 1# - MAIN ENTRY--PERSONAL NAME
Personal name Salmon, Kenneth T.
245 04 - TITLE STATEMENT
Title The enforcement of adjudicators' awards under the Housing Grants Construction and Regeneration Act 1996
Remainder of title Part 28
260 ## - PUBLICATION, DISTRIBUTION, ETC.
Date of publication, distribution, etc. 2008
490 ## - SERIES STATEMENT
Series statement Arbitration
Volume/sequential designation 2008
520 ## - SUMMARY, ETC.
Summary, etc. Article looks at a series of decisions that have raised issues for decision making when reviewing the enforcement of adjudicator's awards under the provisions of the Enforcement of Adjudicators' Awards under the Housing Grants Construction and Regeneration Act 1996.
590 ## - LOCAL NOTE (RLIN)
Local note KA
650 24 - SUBJECT ADDED ENTRY--TOPICAL TERM
Topical term or geographic name entry element BENNETT (ELECTRICAL) SERVICES LTD V INVIRON LTD
650 24 - SUBJECT ADDED ENTRY--TOPICAL TERM
Topical term or geographic name entry element CANTILLON LTD V URVASCO LTD
650 24 - SUBJECT ADDED ENTRY--TOPICAL TERM
Topical term or geographic name entry element RJT CONSULTING ENGINEERS LTD V DM ENGINEERING (NORTHERN IRELAND) LTD
650 24 - SUBJECT ADDED ENTRY--TOPICAL TERM
Topical term or geographic name entry element THE SCHEME FOR CONSTRUCTION CONTRACTS (ENGLAND & WALES) REGULATIONS 1998
650 24 - SUBJECT ADDED ENTRY--TOPICAL TERM
Topical term or geographic name entry element GALLIFORD TRY CONSTRUCTION LTD V MICHAEL HEAL ASSOCIATES LTD
650 24 - SUBJECT ADDED ENTRY--TOPICAL TERM
Topical term or geographic name entry element HATMET LTD V HERBERT
650 24 - SUBJECT ADDED ENTRY--TOPICAL TERM
Topical term or geographic name entry element HG CONSTRUCTION LTD V ASHWELL HOMES (EAST ANGLIA) LTD
650 24 - SUBJECT ADDED ENTRY--TOPICAL TERM
Topical term or geographic name entry element HOUSING GRANTS, CONSTRUCTION AND REGENERATION ACT 1996
650 24 - SUBJECT ADDED ENTRY--TOPICAL TERM
Topical term or geographic name entry element TRUSTEES OF THE STRATFIELD SAYE ESTATE V AHL CONSTRUCTION LTD
650 24 - SUBJECT ADDED ENTRY--TOPICAL TERM
Topical term or geographic name entry element MANAGEMENT SOLUTIONS & PROFESSIONAL CONSULTANTS LTD V BENNETT ELECTRICAL SERVICES LTD (NO 1)
650 24 - SUBJECT ADDED ENTRY--TOPICAL TERM
Topical term or geographic name entry element QUIETFIELD LTD V VASCROFT CONTRACTORS LTD
650 24 - SUBJECT ADDED ENTRY--TOPICAL TERM
Topical term or geographic name entry element REINWOOD LTD V L BROWN AND SONS LTD
650 24 - SUBJECT ADDED ENTRY--TOPICAL TERM
Topical term or geographic name entry element TOTAL M&E SERVICES LTD V ABB BUILDING TECHNOLOGIES LTD (FORMERLY ABB STEWART LTD)
650 24 - SUBJECT ADDED ENTRY--TOPICAL TERM
Topical term or geographic name entry element TREASURE & SON LTD V DAWES
650 24 - SUBJECT ADDED ENTRY--TOPICAL TERM
Topical term or geographic name entry element DEAN & DYBALL CONSTRUCTION LTD KENNETH GRUBB ASSOCIATES
650 24 - SUBJECT ADDED ENTRY--TOPICAL TERM
Topical term or geographic name entry element EDMUND NUTTALL LTD V R G CARTER LTD
650 24 - SUBJECT ADDED ENTRY--TOPICAL TERM
Topical term or geographic name entry element AMBER CONSTRUCTION SERVICES LTD V LONDON INTERSPACE HG LTD
650 24 - SUBJECT ADDED ENTRY--TOPICAL TERM
Topical term or geographic name entry element AC YULE AND SON LTD V SPEEDWELL ROOFING & CLADDING LTD
651 #4 - SUBJECT ADDED ENTRY--GEOGRAPHIC NAME
Geographic name United Kingdom
Chronological subdivision
690 ## - LOCAL SUBJECT ADDED ENTRY--TOPICAL TERM (OCLC, RLIN)
Topical term or geographic name as entry element MANAGEMENT-DISPUTE AVOIDANCE, MANAGEMENT AND RESOLUTION-DISPUTE MANAGEMENT AND RESOLUTION-ALTERNATIVE DISPUTE RESOLUTION-ADJUDICATION
942 ## - ADDED ENTRY ELEMENTS (KOHA)
Suppress in OPAC 0
Holdings
Withdrawn status Lost status Source of classification or shelving scheme Damaged status Not for loan Home library Current library Shelving location Date acquired Total Checkouts Full call number Barcode Date last seen Copy number Price effective from Koha item type
    Dewey Decimal Classification     London London Journal article 19/08/2008   L144900 144900-1001 06/08/2019 1 06/08/2019 Journal article